| 000 | 00428pab a2200169 454500 | ||
|---|---|---|---|
| 008 | 180718b2008 xxu||||| |||| 00| 0 eng d | ||
| 100 | _aMcCarthy, Bill | ||
| 245 | _aLove, sex, and crime: adolescent romantic relationships and offending | ||
| 260 | _c2008 | ||
| 300 | _ap.944-69. | ||
| 362 | _aDec | ||
| 650 | _aYouth | ||
| 700 | _aCasey, Teresa | ||
| 773 | _aAmerican Sociological Review | ||
| 908 | _aN | ||
| 909 | _a81601 | ||
| 999 |
_c81601 _d81601 |
||